[Event "BRA Amateur-ch U1800"]
[Site "Sao Paulo"]
[Date "2022.11.06"]
[Round "7"]
[White "Laguna, Oscar Alexander San"]
[Black "Bernardo, Henrique Carvalho"]
[Result "0-1"]
[WhiteElo "1177"]
[BlackElo "1341"]
[PlyCount "108"]
[EventDate "2022.11.03"]
[EventType "swiss"]
[EventRounds "7"]
[EventCountry "BRA"]
[SourceTitle "CBM 211 Extra"]
[Source "ChessBase"]
[SourceDate "2023.01.31"]
[SourceVersion "1"]
[SourceVersionDate "2023.01.31"]
[SourceQuality "1"]

1. d4 Nf6 2. Nf3 g6 3. c4 Bg7 4. Nc3 d5 5. e3 0-0 6. Qb3 c6 7. Be2 a5 8. cxd5 cxd5 9. Bd3 Nc6 10. a3 Rb8 11. 0-0 Bg4 12. Ne5 Be6 13. Na4 Nxe5 14. dxe5 d4 15. Qb5 Bd7 16. Qb3 Bxa4 17. Qxa4 dxe3 18. exf6 Bxf6 19. Bxe3 Qxd3 20. Qxa5 Bxb2 21. Ra2 Qb3 22. Rxb2 Qxb2 23. Qc5 e5 24. Bh6 Rfc8 25. Qe7 e4 26. Qxe4 Re8 27. Qg4 Qe2 28. Qd4 Qe5 29. Qd2 Rbd8 30. Qc1 Rd4 31. Be3 Rh4 32. h3 h5 33. Bg5 Ra4 34. Bd2 Kh7 35. Bc3 Qf5 36. Bb4 Rc8 37. Qe3 Ra6 38. Qe7 Rb6 39. Qe3 Rbc6 40. Bd2 Qf6 41. Qh6+ Kg8 42. Qe3 Re6 43. Qb3 Rb6 44. Qe3 Rbc6 45. Qb3 R6c7 46. Ba5 b6 47. Bb4 Rc2 48. Qe3 Ra2 49. Rd1 Rcc2 50. Bd2 Qd8 51. Re1 Rxd2 52. Rf1 Rd1 53. Qb3 Rxf1+ 54. Kxf1 Qd2 0-1

[Event "Osasco Carvalho Memorial"]
[Site "Osasco"]
[Date "2022.02.19"]
[Round "4"]
[White "Laguna, Oscar Alexander San"]
[Black "Tannous, Laura Fonseca de Al"]
[Result "0-1"]
[WhiteElo "1207"]
[BlackElo "1183"]
[PlyCount "102"]
[EventDate "2022.02.18"]
[EventType "swiss"]
[EventRounds "6"]
[EventCountry "BRA"]
[SourceTitle "CBM 207 Extra"]
[Source "ChessBase"]
[SourceDate "2022.05.31"]
[SourceVersion "1"]
[SourceVersionDate "2022.05.31"]
[SourceQuality "1"]

1. e4 c6 2. d4 d5 3. exd5 cxd5 4. Nf3 Bg4 5. Nc3 e6 6. h3 Bh5 7. Be2 Nc6 8. Be3 Bd6 9. Qd2 a6 10. 0-0 h6 11. Rfe1 Nf6 12. a3 0-0 13. Rac1 Rc8 14. Na2 Ne4 15. Qd1 Bxf3 16. Bxf3 Ng5 17. Bxg5 Qxg5 18. Nc3 Ne7 19. Qd3 Nf5 20. Ne2 Rc4 21. b3 Rc6 22. b4 Rfc8 23. Bg4 Ne7 24. Ng3 Rc3 25. Qe2 Bxg3 26. fxg3 h5 27. Bxe6 fxe6 28. Qxe6+ Kh8 29. Qxe7 Qxg3 30. Qxb7 Rxc2 31. Qxc8+ Rxc8 32. Rxc8+ Kh7 33. Re5 g6 34. Rc7+ Kh6 35. Rc5 Qxa3 36. Rcxd5 Qxb4 37. Rd8 Kg7 38. Ree8 Qb1+ 39. Kh2 Qc1 40. Rg8+ Kf6 41. Rdf8+ Ke7 42. d5 h4 43. d6+ Ke6 44. d7 Qc7+ 45. Kh1 Qc1+ 46. Kh2 Qc7+ 47. Kg1 Qb6+ 48. Kf1 Qb1+ 49. Kf2 Qc2+ 50. Kf3 Qd3+ 51. Kg4 Qg3# 0-1

[Event "Sao Paulo Carnaval op"]
[Site "Sao Paulo"]
[Date "2020.02.24"]
[Round "6"]
[White "Machado, Wesley Henrique"]
[Black "Laguna, Oscar Alexander San"]
[Result "1-0"]
[WhiteElo "1497"]
[BlackElo "1188"]
[PlyCount "65"]
[EventDate "2020.02.22"]
[EventType "swiss"]
[EventRounds "7"]
[EventCountry "BRA"]
[SourceTitle "CBM 195 Extra"]
[Source "ChessBase"]
[SourceDate "2020.05.31"]
[SourceVersion "1"]
[SourceVersionDate "2020.05.31"]
[SourceQuality "1"]

1. e4 c5 2. Nf3 d6 3. d4 cxd4 4. Nxd4 Nf6 5. f3 a6 6. c4 e5 7. Nc2 Be6 8. Nc3 Qc7 9. b3 Be7 10. Be2 b5 11. Ne3 0-0 12. Ncd5 Bxd5 13. Nxd5 Nxd5 14. Qxd5 Nd7 15. 0-0 Qb6+ 16. Kh1 Nf6 17. Qd3 bxc4 18. Qxc4 Rac8 19. Qd3 Rc6 20. Be3 Qb7 21. Rac1 Rfc8 22. Qd2 Bd8 23. Rc4 Bb6 24. Qb4 Nd7 25. Rfc1 a5 26. Qb5 Rxc4 27. Rxc4 Rxc4 28. Bxc4 Qc7 29. Bxb6 Qxb6 30. Qxd7 h6 31. Bxf7+ Kh7 32. Bg6+ Kxg6 33. Qf5# 1-0

[Event "Sao Paulo Carnaval op"]
[Site "Sao Paulo"]
[Date "2020.02.23"]
[Round "3"]
[White "Laguna, Oscar Alexander San"]
[Black "Nobre, Jailson Altair Barb"]
[Result "0-1"]
[WhiteElo "1188"]
[BlackElo "1646"]
[PlyCount "75"]
[EventDate "2020.02.22"]
[EventType "swiss"]
[EventRounds "7"]
[EventCountry "BRA"]
[SourceTitle "CBM 195 Extra"]
[Source "ChessBase"]
[SourceDate "2020.05.31"]
[SourceVersion "1"]
[SourceVersionDate "2020.05.31"]
[SourceQuality "1"]

1. e4 c5 2. Nf3 e6 3. d4 cxd4 4. Nxd4 a6 5. c4 Qc7 6. Nc3 Nf6 7. Be3 Bb4 8. Qd2 Nxe4 9. Qc2 Nxc3 10. bxc3 Be7 11. Bd3 g6 12. Bh6 Bf8 13. Bxf8 Kxf8 14. Qd2 Qe5+ 15. Be2 Kg7 16. 0-0 Nc6 17. f4 Qf6 18. Nb3 d5 19. cxd5 exd5 20. Bf3 Be6 21. Nc5 Na5 22. Rab1 b5 23. Bxd5 Rad8 24. Ne4 Qe7 25. c4 Bxd5 26. cxd5 Qxe4 27. Qxa5 Rxd5 28. Qxa6 Rd2 29. Rf2 Rxf2 30. Kxf2 Qxb1 31. Qa3 Qf5 32. Qc3+ Qf6 33. Qb4 Rd8 34. g3 Qd4+ 35. Qxd4+ Rxd4 36. Ke3 Ra4 37. Kd3 Kf6 38. Kc3 0-1

[Event "Osasco Terzian Memorial"]
[Site "Osasco"]
[Date "2019.12.06"]
[Round "1"]
[White "Nascimento, Gabriela Vitoria"]
[Black "Laguna, Oscar Alexander San"]
[Result "1/2-1/2"]
[WhiteElo "1528"]
[BlackElo "1147"]
[PlyCount "120"]
[EventDate "2019.12.06"]
[EventType "swiss"]
[EventRounds "6"]
[EventCountry "BRA"]
[SourceTitle "CBM 193 Extra"]
[Source "ChessBase"]
[SourceDate "2020.01.31"]
[SourceVersion "1"]
[SourceVersionDate "2020.01.31"]
[SourceQuality "1"]

1. d4 Nf6 2. Nf3 g6 3. Bf4 Bg7 4. h3 d6 5. e3 Nbd7 6. Be2 0-0 7. 0-0 Qe8 8. c3 e5 9. dxe5 dxe5 10. Bh2 Qe7 11. Qc2 Nh5 12. Nbd2 f5 13. Nc4 e4 14. Nd4 c5 15. Nb5 Ne5 16. Qb3 Kh8 17. Rad1 a6 18. Nbd6 Be6 19. Bxe5 Bxe5 20. Qxb7 Bxd6 21. Nxd6 Qxb7 22. Nxb7 Rab8 23. Nxc5 Bc8 24. b3 Nf6 25. Bxa6 Bxa6 26. Nxa6 Rbd8 27. c4 Ra8 28. Rd6 Kg7 29. Ra1 Rfd8 30. Rxd8 Rxd8 31. Kf1 Kf7 32. Ke1 Ke6 33. Rd1 Rxd1+ 34. Kxd1 Nh5 35. Kc2 f4 36. exf4 Nxf4 37. Nc5+ Ke5 38. f3 exf3 39. gxf3 Nxh3 40. Nd3+ Kd6 41. b4 h5 42. c5+ Kc7 43. Kd2 Ng5 44. Ke3 Nf7 45. a4 g5 46. Kd4 h4 47. Nf2 Nd8 48. Ng4 Nc6+ 49. Kc4 h3 50. Nh2 Ne5+ 51. Kb5 Nxf3 52. Ng4 h2 53. Nxh2 Nxh2 54. a5 g4 55. a6 g3 56. c6 g2 57. a7 g1Q 58. a8Q Qf1+ 59. Kc5 Qf2+ 60. Kc4 Qc2+ 1/2-1/2

[Event "Sao Paulo STD U2200 op 5th"]
[Site "Sao Paulo"]
[Date "2019.08.30"]
[Round "1"]
[White "Laguna, Oscar Alexander San"]
[Black "Ishikawa, Emilio Keiji"]
[Result "0-1"]
[WhiteElo "1034"]
[BlackElo "1689"]
[PlyCount "108"]
[EventDate "2019.08.30"]
[EventType "swiss"]
[EventRounds "6"]
[EventCountry "BRA"]
[SourceTitle "CBM 195 Extra"]
[Source "ChessBase"]
[SourceDate "2020.05.31"]
[SourceVersion "1"]
[SourceVersionDate "2020.05.31"]
[SourceQuality "1"]

1. e4 g6 2. d4 Bg7 3. Nf3 c6 4. Nc3 d5 5. e5 h6 6. Be3 e6 7. Be2 Ne7 8. Qd2 b6 9. h3 Ba6 10. Bxa6 Nxa6 11. a3 Nf5 12. g4 Nxe3 13. fxe3 Nc7 14. e4 0-0 15. h4 Rc8 16. g5 h5 17. 0-0-0 Qe7 18. exd5 cxd5 19. Qd3 a6 20. Kb1 b5 21. Na2 a5 22. Qc3 b4 23. axb4 Nb5 24. Qd3 Rb8 25. bxa5 Na3+ 26. Ka1 Nc4 27. b3 Qa3 28. Qc3 Nxa5 29. b4 Qxc3+ 30. Nxc3 Rxb4 31. Na2 Ra4 32. c3 Rb8 33. Nd2 Ra8 34. Kb1 Nc6 35. Nc1 Na5 36. Kc2 Nc4 37. Nxc4 dxc4 38. Kd2 Rd8 39. Ke3 Ra3 40. Ne2 Rda8 41. Rb1 Bf8 42. Rhf1 R8a7 43. Rb8 Kg7 44. Rfb1 Rc7 45. R8b7 Ra7 46. Rxa7 Rxa7 47. Rb5 Ra3 48. d5 exd5 49. Rxd5 Bb4 50. Kd4 Bf8 51. Nf4 Ra1 52. Rb5 Rf1 53. Nd5 Rh1 54. Kxc4 Rxh4+ 0-1

[Event "Sao Paulo STD U2200 op 5th"]
[Site "Sao Paulo"]
[Date "2019.08.30"]
[Round "2"]
[White "Souza, Ramon Santana De"]
[Black "Laguna, Oscar Alexander San"]
[Result "1-0"]
[WhiteElo "1558"]
[BlackElo "1034"]
[PlyCount "57"]
[EventDate "2019.08.30"]
[EventType "swiss"]
[EventRounds "6"]
[EventCountry "BRA"]
[SourceTitle "CBM 195 Extra"]
[Source "ChessBase"]
[SourceDate "2020.05.31"]
[SourceVersion "1"]
[SourceVersionDate "2020.05.31"]
[SourceQuality "1"]

1. e4 c5 2. Nc3 d6 3. f4 Nc6 4. Nf3 e6 5. Bb5 a6 6. Bxc6+ bxc6 7. e5 d5 8. 0-0 Be7 9. d3 Nh6 10. Bd2 Nf5 11. Qe2 0-0 12. g4 Nd4 13. Nxd4 cxd4 14. Na4 Bd7 15. b4 Qc7 16. f5 exf5 17. gxf5 c5 18. Nxc5 Bxc5 19. bxc5 Qxc5 20. Qg4 Rfe8 21. Bh6 g6 22. Qg5 Qe7 23. fxg6 Qxg5+ 24. Bxg5 hxg6 25. Bf6 Rac8 26. Rf4 Rxc2 27. Rh4 Rg2+ 28. Kxg2 Rxe5 29. Rh8# 1-0

[Event "Sao Paulo STD U2200 op 3rd"]
[Site "Sao Paulo"]
[Date "2018.10.13"]
[Round "3"]
[White "Da Rosa, Henrique Jaze Simoe"]
[Black "Laguna, Oscar Alexander San"]
[Result "1-0"]
[WhiteElo "1459"]
[BlackElo "1811"]
[PlyCount "73"]
[EventDate "2018.10.12"]
[EventType "swiss"]
[EventRounds "6"]
[EventCountry "BRA"]
[SourceTitle "EXT 2021"]
[Source "ChessBase"]
[SourceDate "2020.10.23"]
[SourceVersion "1"]
[SourceVersionDate "2020.10.23"]
[SourceQuality "1"]

1. Nf3 d5 2. c4 dxc4 3. Qa4+ Nc6 4. Qxc4 Nf6 5. g3 e5 6. Bg2 Be6 7. Qa4 Bd6 8. 0-0 Qd7 9. Ng5 0-0-0 10. Nxe6 fxe6 11. Nc3 Kb8 12. a3 Nd4 13. Qc4 Nc6 14. b4 Nd4 15. e3 Nc2 16. Ra2 Nxb4 17. axb4 Qe7 18. Qb5 c6 19. Bxc6 Bxb4 20. Rb2 Bxc3 21. dxc3 b6 22. Qxe5+ Qd6 23. Qb5 Rc8 24. Bf3 Rxc3 25. Rd1 Qc7 26. Bd2 Rc5 27. Qb3 Re8 28. Rbb1 g5 29. Bb4 Rb5 30. Bd6 Rxb3 31. Bxc7+ Kxc7 32. Rxb3 g4 33. Bg2 Kb8 34. Rbd3 a5 35. Rd8+ Rxd8 36. Rxd8+ Ka7 37. Ra8# 1-0

[Event "Sao Paulo STD U2200 op 3rd"]
[Site "Sao Paulo"]
[Date "2018.10.12"]
[Round "2"]
[White "Gomes, Emerson De Lima"]
[Black "Laguna, Oscar Alexander San"]
[Result "1-0"]
[WhiteElo "1562"]
[BlackElo "1811"]
[PlyCount "63"]
[EventDate "2018.10.12"]
[EventType "swiss"]
[EventRounds "6"]
[EventCountry "BRA"]
[SourceTitle "EXT 2021"]
[Source "ChessBase"]
[SourceDate "2020.10.23"]
[SourceVersion "1"]
[SourceVersionDate "2020.10.23"]
[SourceQuality "1"]

1. c4 e5 2. Nc3 Nf6 3. Nf3 Nc6 4. e3 Nd5 5. cxd5 Nb4 6. Nxe5 d6 7. Nf3 c6 8. a3 Nxd5 9. Nxd5 cxd5 10. Qb3 Be6 11. Bb5+ Bd7 12. Qxd5 Bxb5 13. Qxb5+ Qd7 14. Qxd7+ Kxd7 15. b4 Rc8 16. Nd4 Kc7 17. Bb2 Kb8 18. Ke2 Rg8 19. Rac1 Rxc1 20. Rxc1 d5 21. Nb5 a6 22. Be5+ Bd6 23. Bxd6+ Ka8 24. Nc7+ Ka7 25. Nxd5 f5 26. Ne7 Re8 27. Nxf5 g6 28. Nd4 Rd8 29. Bc5+ Ka8 30. Bb6 Rb8 31. Ne6 h5 32. Nc7# 1-0